| 000 | 01496cam a22003857a 4500 | ||
|---|---|---|---|
| 003 | CHAP | ||
| 005 | 20220329142407.0 | ||
| 008 | 001114d2000 mx r 00110 spa d | ||
| 010 | _a82826 | ||
| 011 | _a83798 | ||
| 035 | _a94314 | ||
| 040 | _cCHAP | ||
| 090 | _aTesis | ||
| 100 | 0 | 0 |
_aVázquez Andrade, David. _9120302 |
| 245 | 1 | 0 |
_aPotencial bioinsecticida de diluciones del extracto de semillas de neem (Azadirachta indica Juss.) contra el barrenador mayor de los granos (Prostephanus truncatus Horn.) (Col: Bostrichidae) en maíz almacenado _c/por David Váquez Andrade. |
| 260 |
_aChapingo, Méx. : _bEl autor, _c2000. |
||
| 300 | _a38 h. | ||
| 502 | _aTesis (Ing. Agr. Esp. en Parasitología Agrícola) -- UACH. Departamento de Parasitología Agrícola. | ||
| 590 |
_aALEPH _b10 _c20130110 _lUCH01 _h1439 |
||
| 590 |
_aBATCH-UPD _b10 _c20130110 _lUCH01 _h1203 |
||
| 590 |
_aBATCH-UPD _b10 _c20130410 _lUCH01 _h0745 |
||
| 590 |
_aBATCH-UPD _b10 _c20130914 _lUCH01 _h0506 |
||
| 590 |
_aCONVERSION _b10 _c20130109 _lUCH01 _h1346 |
||
| 650 | 1 | 4 |
_aAzadirachta indica. _99047 |
| 650 | 1 | 4 |
_aControl de plagas. _927595 |
| 650 | 1 | 4 |
_aInsecticidas biológicos. _958883 |
| 650 | 1 | 4 |
_aInsecticidas _xEfecto en plagas. _958870 |
| 650 | 1 | 4 |
_aMaíz _xAlmacenamiento _xPlagas. _970854 |
| 650 | 1 | 4 |
_aProtephanus truncatus. _992461 |
| 901 | _aBK | ||
| 905 | _aEdna Luz | ||
| 942 | _cFOLL | ||
| 949 |
_bBC _cTES _d33724000802948 _eTS2 _fc.2 _h37460 _i94314 _si |
||
| 949 |
_bBC _cTES _d943141 _eTS1 _h37459 _i94314 _sb |
||
| 999 |
_c82826 _d82826 |
||